000 00560nam a2200217 a 4500
001 BRCA_7216
005 20190320205744.0
008 170112s1943----mx-#######---#000-0#spa-#
041 _aspa
044 _amx
050 4 _aDS134
_b.T37
100 1 _aTartakower, Arieh, 1897-1982
_917878
245 1 0 _aLos refugiados judios
_bun estudio sociologico
_cArieh Tartakower.
260 _aMéxico
_bA. Tartakower
_c1943
300 _a46 p.
_c23 cm.
500 _aP112
650 1 4 _aRefugiados
_917879
650 1 4 _aJudios
_917880
902 _aGFM
942 _2lcc
_cB
999 _c6897
_d6897